Mother, where's my country? : (Record no. 151938)

MARC details
000 -LEADER
fixed length control field 00587nam a22001817a 4500
005 - DATE AND TIME OF LATEST TRANSACTION
control field 20180508162747.0
010 ## - LCCN (DPL NO)
LC control number ENG-123005
020 ## - INTERNATIONAL STANDARD BOOK NUMBER
Terms of availability 499.00
International Standard Book Number 9789385288357
035 ## - SYSTEM CONTROL NUMBER
System control number EN-106537
037 ## - SOURCE OF ACQUISITION
Stock number DBAD/PUB.
082 ## - DEWEY DECIMAL CLASSIFICATION NUMBER
Classification number 355.02180954
100 ## - MAIN ENTRY--PERSONAL NAME
Personal name Bhonsle, Anubha
245 ## - TITLE STATEMENT
Title Mother, where's my country? :
Statement of responsibility, etc by Anubha Bhonsle
Remainder of title Looking for light in the darkness of Manipur /
260 ## - PUBLICATION, DISTRIBUTION, ETC. (IMPRINT)
Place of publication, distribution, etc New Delhi
Name of publisher, distributor, etc Speaking Tiger
Date of publication, distribution, etc 2016
270 ## - ADDRESS
Address 4381/4, Ansari Road, Daryaganj
City New Delhi
Postal code 110002
300 ## - PHYSICAL DESCRIPTION
Extent 250p.
Other physical details 21cm(hb)
942 ## - ADDED ENTRY ELEMENTS (KOHA)
Source of classification or shelving scheme Dewey Decimal Classification
Item type English Books
Classification part 355.02180954
Call number suffix BHO
Holdings
Withdrawn status Lost status Not for loan Collection code Home library Current library Date acquired Cost, normal purchase price Full call number Barcode Copy number Cost, replacement price Koha item type
    Not For Loan Non-fiction D.B.Act.Division Central Library 08/05/2018 499.00 355.02180954 BHO EN-106537 1 499.00 English Books

© Delhi Public Library
Hit Counter
free hit counter